书目信息 |
| 题名: |
时间序列的分析与应用
|
|
| 作者: | 安鸿志 著 | |
| 分册: | ||
| 出版信息: | 北京 科学出版社 1983 |
|
| 页数: | 344页 | |
| 开本: | 21cm | |
| 丛书名: | ||
| 单 册: | ||
| 中图分类: | O211.61 | |
| 科图分类: | ||
| 主题词: | 时间序列分析 | |
| 电子资源: | ||
| ISBN: | ||
| 000 | 00644nam0 2200241 45 | |
| 001 | 0183011918 | |
| 005 | 20040521151646.7 | |
| 010 | @dCNY2.05 | |
| 091 | @a13031.2312 | |
| 100 | @a19950622d1983 em y0chiy0121 ea | |
| 101 | 0 | @achi |
| 102 | @aCN@b110000 | |
| 105 | @ay z 000yy | |
| 106 | @ar | |
| 200 | 10 | @a时间序列的分析与应用@Ashi jian xu lie de fen xi yu ying yong@f安鸿志著 |
| 210 | @a北京@c科学出版社@d1983 | |
| 215 | @a344页@d21cm | |
| 606 | @a时间序列分析 | |
| 690 | @aO211.61@v3 | |
| 701 | 0 | @a安鸿志@Aan hong zhi@4著 |
| 801 | 0 | @aCN@b上海图书馆@c20040521 |
| 801 | 2 | @aCN@bNLC@c20040521 |
| 905 | @f2@b91636-637@dO211.61@e36 | |
| 时间序列的分析与应用/安鸿志著.-北京:科学出版社,1983 |
| 344页;21cm |
| ISBN :CNY2.05 |
| ● |
| 相关链接 |
|
|
|
|
正题名:时间序列的分析与应用
索取号:O211.61/36
 
预约/预借
| 序号 | 登录号 | 条形码 | 馆藏地/架位号 | 状态 | 备注 |
| 1 | 0091636 | 000403245 | 第三借阅区/ [索取号:O211.61/36] | 在馆 | |
| 2 | 0091637 | 000403281 | 第三借阅区/ [索取号:O211.61/36] | 在馆 | |
| 3 | 0091638 | 000403272 | 第二样本阅览室/ [索取号:O211.61/36] | 在馆 |